College Football Playoff Winners - Statistics

General Stats
  • This quiz has been taken 121 times
  • The average score is 10 of 10
Answer Stats
Hint Answer % Correct
2020 Alabama
98%
2017 Alabama
98%
2015 Alabama
98%
2022 Georgia
97%
2021 Georgia
97%
2023 Michigan
95%
2018 Clemson
94%
2016 Clemson
94%
2014 Ohio State
94%
2019 LSU
92%
No matching quizzes found
Score Distribution
Percent of People with Each Score
Percentile by Number Answered
Your Score History
You have not taken this quiz